000 00762nam a22002417a 4500
003 UA-OsUOA
001 54742
007 ta
008 20080715b un ||||| |||| 00| 0 ukr d
100 _aХаритонов Є.О. Харитонова О.І. Дрішлюк А.І.
090 _a347,091,4(477)(075,8)
_bХ20
942 _cBK
040 _aUA-OsUOA
_bukr
_cUA-OsUOA
_dUA-OsUOA
245 _aДобровільне представництво у цивільному праві України
300 _a176 с.
955 _a2
041 _aukr
080 _a347,091,4(477)(075,8)
020 _a966-7613-96-8
260 _aК.
_bІстина
_c2007
650 7 _a347 Цивільне право. Судовий устрій
_2UDC
999 _c340812
_d340812